000 00764cab a2200265 4500
001 ABS50146
008 090401t1994 xxu||||| |||| 00| 0 eng d
035 _a(Sirsi) u74391
041 _aeng
100 _aLievesley, D.
245 3 _aAn overview of geographic information in Europe
260 _c1994
350 _a0
490 _aMapping Awareness
_v8(1) February 1994, 33-35(3)
520 _aAssesses the availability and content of population statistics in Europe. (See ABS49811 for Part 1.)
650 _aEUROPE
650 _aEUROPEAN UNION
650 _aGIS
650 _aPOPULATION
650 _aSTATISTICS
690 _aMANAGEMENT-BUSINESS MANAGEMENT-INFORMATION MANAGEMENT
700 _aMasser, I.
942 _n0
948 _c04/03/1997
999 _c46941
_d46941